| 000 | 01098nam1a22002531i 4500 | ||
|---|---|---|---|
| 001 | rc\4047366 | ||
| 005 | 20260407103616.0 | ||
| 035 | _a(NLR Aleph) 008103712 | ||
| 090 |
_a9260294 _c9260294 |
||
| 100 | _a20130415d1947 |||y0rusy50 ca | ||
| 101 | 0 | _arus | |
| 102 | _aRU | ||
| 105 | _a j ||||| | ||
| 200 | 1 |
_aЗадачник по теоретическим основам электротехники _fСост. коллективом Кафедры под ред. проф. К.М. Поливанова и доц. Г.В. Зевеке _gМоск. ордена Ленина энергет. ин-т им. В.М. Молотова. Ч. 1- |
|
| 210 |
_aМосква _cТиполит. МЭИ _d1947 |
||
| 215 | _d29 | ||
| 300 | _aЛитогр. изд. | ||
| 702 | 1 |
_aЗевеке _bГ.В. _4340 |
|
| 702 | 1 |
_aПоливанов _bК.М. _gКонстантин Михайлович _4340 |
|
| 712 | 0 | 2 |
_aМосковский энергетический институт _3RU\NLR\AUTH\889932540 _9360366 |
| 801 | 0 |
_aRU _bNLR _gpsbo |
|
| 801 | 1 |
_aRU _bELAR _2rusmarc |
|
| 852 |
_aNLR _jТ20 Г-8/101 |
||
| 942 | _cBOOK | ||